00331nam a2200121Ia 4500008004100000040001700041041001200058082001400070100002100084245004800105260003900153300001700192230917s9999||||xx |||||||||||||| ||und|| e129186aMAIN aEnglish a342.7 I1D aIyer, Venkat, Ed 0aDemocracy, human rights and the rule of law aNew DelhibButterworth Indiac2000 axxv, 276p p.